Statistics for European countries with no repeated letters in their name

Click here to take the quiz!

General Stats

  • This quiz has been taken 39 times
  • The average score is 18 of 20

Answer Stats

Answer% Correct
Ireland
97%
Iceland
97%
Estonia
97%
Norway
97%
Germany
97%
France
94%
Belgium
94%
Italy
94%
Spain
94%
Denmark
94%
Poland
92%
Portugal
92%
Hungary
92%
Serbia
86%
Slovenia
86%
Belarus
81%
Ukraine
75%
Switzerland
75%
Turkey
69%
Cyprus
58%

Score Distribution

Percentile by Number Answered

Percent of People with Each Score

Your Score History

You have not taken this quiz